000 00309nam a22001337a 4500
008 170623b xxu||||| |||| 00| 0 eng d
020 _a0865315477
041 _aeng
080 _a32
100 _a21
101 _aSHP
245 _aLATIN AMERICA AND THE U.S. NATIONAL INTEREST
_cHAYES,M.D
942 _2udc
_cBK
999 _c18985
_d18985